Épica Resistencia patriótica en la zona norte durante la llamada "Operacion Limpieza" / (Registro nro. 24146)

Detalles MARC
000 -LEADER
fixed length control field 00851nam a22002057a 4500
003 - CONTROL NUMBER IDENTIFIER
control field DO-CoUTE
005 - DATE AND TIME OF LATEST TRANSACTION
control field 20260429125854.0
008 - FIXED-LENGTH DATA ELEMENTS--GENERAL INFORMATION
fixed length control field 260429b dr ||||| |||| 00| 0 spa d
040 ## - CATALOGING SOURCE
Original cataloging agency DO-CoUTE
Language of cataloging spa
Transcribing agency DO-CoUTE
082 ## - DEWEY DECIMAL CLASSIFICATION NUMBER
Classification number RD 972.93054U15e
100 1# - MAIN ENTRY--PERSONAL NAME
Personal name Ubiñas Renville, Guaroa
Relator term Autor
245 10 - TITLE STATEMENT
Title Épica Resistencia patriótica en la zona norte durante la llamada "Operacion Limpieza" /
Statement of responsibility, etc. Guaroa Ubiñas Renville
260 ## - PUBLICATION, DISTRIBUTION, ETC.
Place of publication, distribution, etc. Santo Domingo ;
Name of publisher, distributor, etc. Archivo General de La Nacion,
Date of publication, distribution, etc. 2023
300 ## - PHYSICAL DESCRIPTION
Extent 184 paginas :
Other physical details Imágenes ;
Dimensions 23cm,
504 ## - BIBLIOGRAPHY, ETC. NOTE
Bibliography, etc. note Incluye referencia bibliográfica e índice.<br/>
505 ## - FORMATTED CONTENTS NOTE
Formatted contents note Prefacio | Parte I. Antecedentes | Parte II. Ensanche La Fe. La guerra | Parte III. Venganza y contrainsurgencia estadounidense
650 #4 - SUBJECT ADDED ENTRY--TOPICAL TERM
Topical term or geographic name entry element golpe de estado
700 1# - ADDED ENTRY--PERSONAL NAME
Personal name Guaroa Ubiñas Renville
Relator term Autor
942 ## - ADDED ENTRY ELEMENTS (KOHA)
Source of classification or shelving scheme Dewey Decimal Classification
Koha item type Libros
Existencias
Withdrawn status Lost status Source of classification or shelving scheme Damaged status Not for loan Collection code Home library Current library Shelving location Date acquired Inventory number Total Checkouts Full call number Barcode Date last seen Copy number Price effective from Koha item type
    Dewey Decimal Classification     Colección Dominicana Biblioteca UTECO Biblioteca UTECO En Estantería 04/29/2026 023657   RD 972.93054U15e 023657 04/29/2026 Ej.1 04/29/2026 Libros
© 2021 Derechos Reservados UTECO - Teléfono: +1 809-585-2291 - Correo electrónico: biblioteca@uteco.edu.do​  
Código postal 43000 ​​
Dirección: Avenida Universitaria No. 100, 
Cotuí, Provincia Sánchez Ramírez, República Dominicana - RNC: 404-00059-6